000 00408cam a2200145 4500500
005 20251012032456.0
041 _afre
042 _adc
100 1 0 _aSesé, Bernard
_eauthor
245 0 0 _aLe Labyrinthe
260 _c2001.
500 _a57
786 0 _nSigila | 7 | 1 | 2001-06-20 | p. 71-71 | 1286-1715
856 4 1 _uhttps://shs.cairn.info/revue-sigila-2001-1-page-71?lang=fr&redirect-ssocas=7080
999 _c1547390
_d1547390